[Event "SVK-chT 2324"]
[Site "Slovakia"]
[Date "2024.01.21"]
[Round "6.3"]
[White "Cernousek, Lukas"]
[Black "Finek, Vaclav"]
[Result "0-1"]
[WhiteElo "2451"]
[BlackElo "2411"]
[PlyCount "120"]
[EventDate "2023.11.04"]
[EventType "team-tourn"]
[EventRounds "11"]
[EventCountry "SVK"]
[SourceTitle "CB04_2024"]
[SourceDate "2023.10.16"]
[SourceVersion "1"]
[SourceVersionDate "2023.10.16"]
[SourceQuality "1"]
[WhiteTeam "Dubnica nad Vahom"]
[BlackTeam "Dunajska Streda"]
[WhiteTeamCountry "SVK"]
[BlackTeamCountry "SVK"]

1. e4 c5 2. Nf3 g6 3. c3 Bg7 4. d4 cxd4 5. cxd4 d5 6. e5 Nh6 7. Bb5+ Bd7 8. Be2 Bg4 9. h3 Bxf3 10. Bxf3 Nc6 11. Nc3 e6 12. g4 0-0 13. Be3 f6 14. exf6 Qxf6 15. Bg2 Nf7 16. Ne2 Nd6 17. Qb3 Na5 18. Qb4 Nac4 19. 0-0 a5 20. Qb3 Ra6 21. Qc2 Rc6 22. Nc3 Kh8 23. a4 Qh4 24. Rad1 Nxe3 25. fxe3 Qg3 26. Qe2 Rcc8 27. Rxf8+ Rxf8 28. Qe1 Qxe1+ 29. Rxe1 Nc4 30. Nd1 Kg8 31. Re2 Nb6 32. b3 Rc8 33. Kf2 Bf6 34. Ke1 Kg7 35. Kd2 Be7 36. Rf2 Bb4+ 37. Kd3 Rc1 38. Bf3 Nc8 39. Rc2 Rxc2 40. Kxc2 Ne7 41. Nf2 Nc6 42. Kd1 Kf6 43. Nd3 Kg5 44. Ne5 Nxe5 45. dxe5 Kh4 46. Bg2 Bc3 47. e4 Kg3 48. Bf1 dxe4 49. Ke2 Bd4 50. Kd2 Kf2 51. Bc4 Bxe5 52. h4 e3+ 53. Kd1 Kg3 54. h5 Kxg4 55. hxg6 hxg6 56. Ke2 Kf4 57. Bxe6 b6 58. Bc4 g5 59. Kf1 g4 60. Kg2 Ke4 0-1

[Event "SVK-chT 2324"]
[Site "Slovakia"]
[Date "2023.11.04"]
[Round "1.2"]
[White "Mazur, Stefan"]
[Black "Cernousek, Lukas"]
[Result "1-0"]
[WhiteElo "2451"]
[BlackElo "2451"]
[PlyCount "83"]
[EventDate "2023.11.04"]
[EventType "team-tourn"]
[EventRounds "11"]
[EventCountry "SVK"]
[SourceTitle "Mega2024 Update 01"]
[Source "Chessbase"]
[SourceDate "2023.11.12"]
[SourceVersion "1"]
[SourceVersionDate "2023.11.12"]
[SourceQuality "1"]
[WhiteTeam "Liptov Chess School"]
[BlackTeam "Dubnica nad Vahom"]
[WhiteTeamCountry "SVK"]
[BlackTeamCountry "SVK"]

1. e4 c6 2. d4 d5 3. Nd2 dxe4 4. Nxe4 Bf5 5. Ng3 Bg6 6. h4 h6 7. Nf3 Nd7 8. h5 Bh7 9. Bd3 Bxd3 10. Qxd3 e6 11. Bd2 Ngf6 12. 0-0-0 Be7 13. Kb1 0-0 14. Ne4 c5 15. g4 Nxg4 16. Qe2 Qb6 17. Rhg1 f5 18. Ne5 Ndxe5 19. dxe5 Rad8 20. Nc3 Qa6 21. Nb5 Nxf2 22. Qxf2 Qxb5 23. Qg2 Bg5 24. Bxg5 Rxd1+ 25. Rxd1 hxg5 26. Qxg5 Qe8 27. h6 Qf7 28. hxg7 Qxg7 29. Qe3 f4 30. Qxc5 f3 31. Qf2 Rf5 32. a4 Qxe5 33. Rd8+ Kf7 34. Rd7+ Kg6 35. Qg1+ Rg5 36. Qh1 Qe2 37. Qh7+ Kf6 38. Rf7+ Ke5 39. Qh8+ Kd5 40. Rd7+ Ke4 41. Qh4+ Kf5 42. Rf7+ 1-0

[Event "CZE-chT 2223"]
[Site "Czech Republic"]
[Date "2023.02.19"]
[Round "8.2"]
[White "Cernousek, Lukas"]
[Black "Petr, Martin"]
[Result "1-0"]
[WhiteElo "2433"]
[BlackElo "2495"]
[PlyCount "89"]
[EventDate "2022.10.15"]
[EventType "team-tourn"]
[EventRounds "11"]
[EventCountry "CZE"]
[SourceTitle "CBM 213 Extra"]
[Source "ChessBase"]
[SourceDate "2023.05.31"]
[SourceVersion "1"]
[SourceVersionDate "2023.05.31"]
[SourceQuality "1"]
[WhiteTeam "Unichess"]
[BlackTeam "Ingem Line"]
[WhiteTeamCountry "CZE"]
[BlackTeamCountry "CZE"]

1. e4 e6 2. d4 d5 3. Nc3 Nf6 4. Bg5 dxe4 5. Nxe4 Nbd7 6. Nf3 h6 7. Nxf6+ Nxf6 8. Be3 Bd6 9. Bd3 0-0 10. Qe2 b6 11. 0-0-0 Bb7 12. Ne5 c5 13. Nc4 Be7 14. dxc5 Bd5 15. cxb6 axb6 16. a3 Nd7 17. Bd4 b5 18. Ne3 b4 19. Qg4 Nf6 20. Bxf6 Bxf6 21. Nxd5 exd5 22. Qxb4 Qc7 23. Bb5 Rfc8 24. Qb3 Qf4+ 25. Kb1 Qxf2 26. Rxd5 Qxg2 27. Rhd1 Qxh2 28. Rd7 Rab8 29. a4 Qh5 30. c3 Qg6+ 31. Ka2 h5 32. Qd5 Rf8 33. Bd3 Qg4 34. Bc4 Rbd8 35. Rxd8 Bxd8 36. a5 h4 37. a6 Bb6 38. Rf1 Qg6 39. Qb7 h3 40. a7 Bxa7 41. Qxa7 h2 42. Bxf7+ Qxf7+ 43. Rxf7 Kh8 44. Rxg7 Rf1 45. Kb3 1-0

[Event "CZE-chT1W 2223"]
[Site "Czech Republic"]
[Date "2023.01.29"]
[Round "7.6"]
[White "Vykouk, Jan"]
[Black "Cernousek, Lukas"]
[Result "0-1"]
[WhiteElo "2475"]
[BlackElo "2433"]
[PlyCount "68"]
[EventDate "2022.10.09"]
[EventType "team-tourn"]
[EventRounds "11"]
[EventCountry "CZE"]
[SourceTitle "CBM 213 Extra"]
[Source "ChessBase"]
[SourceDate "2023.05.31"]
[SourceVersion "1"]
[SourceVersionDate "2023.05.31"]
[SourceQuality "1"]
[WhiteTeam "Neratovice"]
[BlackTeam "Unichess Sousek"]
[WhiteTeamCountry "CZE"]
[BlackTeamCountry "CZE"]

1. e4 c5 2. Nf3 d6 3. d4 cxd4 4. Nxd4 Nf6 5. Nc3 a6 6. Be3 e5 7. Nb3 Be6 8. f3 h5 9. Qd2 Nbd7 10. Be2 Rc8 11. 0-0 Nb6 12. Bg5 Be7 13. Rad1 Nc4 14. Bxc4 Bxc4 15. Rf2 0-0 16. Qe1 b5 17. a3 a5 18. Nd2 Be6 19. Nf1 b4 20. axb4 axb4 21. Bxf6 Bxf6 22. Nd5 Bxd5 23. Rxd5 Qb6 24. Qe3 Qa6 25. Qb3 Bd8 26. Ne3 Bb6 27. Rxd6 Rfd8 28. Rxd8+ Rxd8 29. g3 Qa1+ 30. Rf1 Qa7 31. Re1 Rd2 32. Kh1 Qd7 33. Qxb4 Bxe3 34. Rxe3 Qh3 0-1

[Event "SVK-chT 2223"]
[Site "Slovakia"]
[Date "2023.01.21"]
[Round "5.3"]
[White "Cernousek, Lukas"]
[Black "Navara, David"]
[Result "0-1"]
[WhiteElo "2433"]
[BlackElo "2676"]
[PlyCount "96"]
[EventDate "2022.10.22"]
[EventType "team-tourn"]
[EventRounds "11"]
[EventCountry "SVK"]
[SourceTitle "EXT 2024"]
[Source "ChessBase"]
[SourceDate "2023.10.10"]
[SourceVersion "1"]
[SourceVersionDate "2023.10.10"]
[SourceQuality "1"]
[WhiteTeam "Dubnica nad Vahom"]
[BlackTeam "Humenne Reinter"]
[WhiteTeamCountry "SVK"]
[BlackTeamCountry "SVK"]

1. e4 c6 2. d4 d5 3. exd5 cxd5 4. c4 Nf6 5. Nc3 Nc6 6. Nf3 a6 7. cxd5 Nxd5 8. Bc4 Be6 9. Bb3 Na5 10. Bxd5 Bxd5 11. Nxd5 Qxd5 12. 0-0 e6 13. Ne5 Bd6 14. Qa4+ Qb5 15. Qxb5+ axb5 16. Bd2 Nc6 17. Nxc6 bxc6 18. a3 Kd7 19. Bc3 h5 20. Rad1 h4 21. h3 Rh5 22. Rd3 Rd5 23. Rfd1 Bc7 24. Kf1 Bb6 25. Be1 Kc8 26. f3 Bd8 27. Ke2 Kb7 28. Bf2 Bf6 29. b4 Rg5 30. Kf1 Rf5 31. Ke2 Rd8 32. Be3 Rfd5 33. R1d2 g5 34. Rd1 Be7 35. Bc1 Bd6 36. Be3 Bc7 37. R1d2 Bb6 38. Rd1 f6 39. Bf2 e5 40. Be3 exd4 41. Bf2 c5 42. bxc5 Bxc5 43. f4 Re8+ 44. Kd2 Bd6 45. Rxd4 Bxf4+ 46. Kd3 Red8 47. Rb1 Kc6 48. Kc3 Be5 0-1

[Event "CZE-chT 2223"]
[Site "Czech Republic"]
[Date "2023.01.07"]
[Round "5.1"]
[White "Cernousek, Lukas"]
[Black "Movsesian, Sergei"]
[Result "1/2-1/2"]
[WhiteElo "2433"]
[BlackElo "2619"]
[PlyCount "38"]
[EventDate "2022.10.15"]
[EventType "team-tourn"]
[EventRounds "11"]
[EventCountry "CZE"]
[SourceTitle "CBM 213 Extra"]
[Source "ChessBase"]
[SourceDate "2023.05.31"]
[SourceVersion "1"]
[SourceVersionDate "2023.05.31"]
[SourceQuality "1"]
[WhiteTeam "Unichess"]
[BlackTeam "Pardubice"]
[WhiteTeamCountry "CZE"]
[BlackTeamCountry "CZE"]

1. d4 Nf6 2. c4 g6 3. g3 Bg7 4. Bg2 0-0 5. Nc3 d6 6. Nf3 Nbd7 7. 0-0 e5 8. e4 b6 9. h3 exd4 10. Nxd4 Bb7 11. Be3 Re8 12. f3 c6 13. Bf2 d5 14. cxd5 cxd5 15. exd5 Nxd5 16. Nxd5 Bxd5 17. Nf5 Ne5 18. Nxg7 Kxg7 19. Re1 Bb7 1/2-1/2

[Event "CZE-chT 2223"]
[Site "Czech Republic"]
[Date "2022.12.04"]
[Round "4.2"]
[White "Cernousek, Lukas"]
[Black "Anton Guijarro, David"]
[Result "0-1"]
[WhiteElo "2433"]
[BlackElo "2655"]
[PlyCount "48"]
[EventDate "2022.10.15"]
[EventType "team-tourn"]
[EventRounds "11"]
[EventCountry "CZE"]
[SourceTitle "CBM 213 Extra"]
[Source "ChessBase"]
[SourceDate "2023.05.31"]
[SourceVersion "1"]
[SourceVersionDate "2023.05.31"]
[SourceQuality "1"]
[WhiteTeam "Unichess"]
[BlackTeam "Novoborsky"]
[WhiteTeamCountry "CZE"]
[BlackTeamCountry "CZE"]

1. e4 c5 2. Nf3 Nc6 3. d4 cxd4 4. Nxd4 e5 5. Nb5 d6 6. c4 g6 7. Bd3 a6 8. N5c3 Bh6 9. Bxh6 Nxh6 10. Qd2 Ng4 11. Nd5 0-0 12. Nbc3 Nd4 13. 0-0 Kg7 14. f4 exf4 15. Rxf4 h6 16. h3 Ne5 17. Nf6 Bxh3 18. Qe3 Qb6 19. Nfd5 Qxb2 20. gxh3 Qxa1+ 21. Rf1 Qb2 22. Qxd4 Qd2 23. Nf4 Rfc8 24. Rd1 Qxf4 0-1

[Event "CZE-chT1W 2223"]
[Site "Czech Republic"]
[Date "2022.11.13"]
[Round "3.4"]
[White "Haba, Petr"]
[Black "Cernousek, Lukas"]
[Result "1/2-1/2"]
[WhiteElo "2454"]
[BlackElo "2433"]
[PlyCount "60"]
[EventDate "2022.10.09"]
[EventType "team-tourn"]
[EventRounds "11"]
[EventCountry "CZE"]
[SourceTitle "CBM 213 Extra"]
[Source "ChessBase"]
[SourceDate "2023.05.31"]
[SourceVersion "1"]
[SourceVersionDate "2023.05.31"]
[SourceQuality "1"]
[WhiteTeam "Gordic"]
[BlackTeam "Unichess Sousek"]
[WhiteTeamCountry "CZE"]
[BlackTeamCountry "CZE"]

1. d4 Nf6 2. c4 g6 3. Nc3 Bg7 4. e4 d6 5. f3 0-0 6. Be3 c5 7. Nge2 Nc6 8. Qd2 Qa5 9. Rd1 a6 10. Nd5 Nxd5 11. cxd5 Qxd2+ 12. Rxd2 Nxd4 13. Nxd4 cxd4 14. Bxd4 Bd7 15. Bxg7 Kxg7 16. Bd3 Rac8 17. Rc2 Rxc2 18. Bxc2 f5 19. Kd2 Kf6 20. exf5 gxf5 21. f4 Rg8 22. Rg1 Rc8 23. Bb3 Be8 24. Rc1 Rc5 25. Rc3 Bf7 26. a3 Rb5 27. Rd3 a5 28. Kc3 Rc5+ 29. Kd2 Rb5 30. Kc3 Rc5+ 1/2-1/2

[Event "CZE-chT1W 2223"]
[Site "Czech Republic"]
[Date "2022.10.09"]
[Round "1.3"]
[White "Burdalev, Kirill"]
[Black "Cernousek, Lukas"]
[Result "1/2-1/2"]
[WhiteElo "2357"]
[BlackElo "2433"]
[PlyCount "28"]
[EventDate "2022.10.09"]
[EventType "team-tourn"]
[EventRounds "11"]
[EventCountry "CZE"]
[SourceTitle "CBM 210 Extra"]
[Source "ChessBase"]
[SourceDate "2022.11.30"]
[SourceVersion "1"]
[SourceVersionDate "2022.11.30"]
[SourceQuality "1"]
[WhiteTeam "Praha DP EA Hotels II"]
[BlackTeam "Unichess Sousek"]
[WhiteTeamCountry "CZE"]
[BlackTeamCountry "CZE"]

1. d4 Nf6 2. c4 e6 3. Nf3 d5 4. Nc3 dxc4 5. e3 a6 6. a4 c5 7. Bxc4 Nc6 8. 0-0 Be7 9. Qe2 cxd4 10. Rd1 e5 11. exd4 exd4 12. Nxd4 Nxd4 13. Qe5 Qd6 14. Qxd6 Bxd6 1/2-1/2

[Event "Prague Summer op 9th"]
[Site "Prague"]
[Date "2022.08.05"]
[Round "1"]
[White "Bilunov, Denis B"]
[Black "Cernousek, Lukas"]
[Result "0-1"]
[WhiteElo "1977"]
[BlackElo "2429"]
[PlyCount "108"]
[EventDate "2022.08.05"]
[EventType "swiss"]
[EventRounds "9"]
[EventCountry "CZE"]
[SourceTitle "CBM 209 Extra"]
[Source "ChessBase"]
[SourceDate "2022.09.30"]
[SourceVersion "1"]
[SourceVersionDate "2022.09.30"]
[SourceQuality "1"]

1. e4 c5 2. Nc3 Nc6 3. g3 g6 4. Bg2 Bg7 5. Nge2 d6 6. 0-0 e6 7. d3 Nge7 8. Bg5 h6 9. Be3 Nd4 10. Rb1 Nec6 11. a3 b6 12. Na2 Bb7 13. c3 Nxe2+ 14. Qxe2 0-0 15. Qc2 Rc8 16. Rbd1 Kh7 17. Nc1 b5 18. Ne2 a5 19. Qb1 b4 20. d4 Ba6 21. Rfe1 Qb6 22. dxc5 dxc5 23. cxb4 axb4 24. Nf4 Ne5 25. axb4 Qxb4 26. Qc2 Rfd8 27. Bd2 Qc4 28. Bc3 Bb5 29. b3 Nf3+ 30. Bxf3 Qxc3 31. Qxc3 Bxc3 32. Rxd8 Rxd8 33. Rd1 Rxd1+ 34. Bxd1 g5 35. Ne2 Bd2 36. f3 Kg6 37. Kf2 Bd3 38. g4 Kf6 39. Ng3 Ke5 40. Be2 Bc2 41. Bc4 Bf4 42. Ke2 Kd4 43. Nh5 Bxh2 44. Kd2 Bb1 45. Bb5 Bf4+ 46. Nxf4 gxf4 47. Bc4 f5 48. exf5 exf5 49. Be6 fxg4 50. Bxg4 Bg6 51. Be6 Bd3 52. Bf7 Bb5 53. Be6 Bc6 54. Ke2 Bd5 0-1

[Event "CZE-ch"]
[Site "Usti nad Labem"]
[Date "2022.05.15"]
[Round "2"]
[White "Smolik, Jachym"]
[Black "Cernousek, Lukas"]
[Result "0-1"]
[WhiteElo "2272"]
[BlackElo "2440"]
[PlyCount "78"]
[EventDate "2022.05.14"]
[EventType "swiss"]
[EventRounds "9"]
[EventCountry "CZE"]
[SourceTitle "CBM 208 Extra"]
[Source "ChessBase"]
[SourceDate "2022.07.31"]
[SourceVersion "1"]
[SourceVersionDate "2022.07.31"]
[SourceQuality "1"]

1. d4 f5 2. Nc3 Nf6 3. Bg5 d5 4. e3 e6 5. Nf3 a6 6. Bd3 c5 7. dxc5 Bxc5 8. Ne2 Nc6 9. c4 Bb4+ 10. Nc3 dxc4 11. Bxc4 Qxd1+ 12. Rxd1 b5 13. Bd3 Nd5 14. Kd2 h6 15. Bf4 Nxf4 16. exf4 Bb7 17. Rhe1 Kf7 18. Kc1 Rhd8 19. Bc2 Kf6 20. Bb3 Rxd1+ 21. Kxd1 Rd8+ 22. Kc2 Rd6 23. g3 Bc5 24. Nd2 Nd4+ 25. Kc1 Nxb3+ 26. Nxb3 Bxf2 27. Re2 Bg1 28. Nd2 g5 29. fxg5+ hxg5 30. g4 Rd3 31. gxf5 exf5 32. Kc2 Rh3 33. Re8 Rxh2 34. Rf8+ Kg6 35. Kd3 Rh3+ 36. Ke2 Rh2+ 37. Kd3 Rh3+ 38. Ke2 Bc5 39. Rg8+ Kf6 0-1

[Event "SVK-chT 2122"]
[Site "Slovakia"]
[Date "2022.05.08"]
[Round "8.5"]
[White "Cernousek, Lukas"]
[Black "Zilka, Stepan"]
[Result "1/2-1/2"]
[WhiteElo "2459"]
[BlackElo "2580"]
[PlyCount "25"]
[EventDate "2021.10.23"]
[EventType "team-tourn"]
[EventRounds "11"]
[EventCountry "SVK"]
[SourceTitle "EXT 2023"]
[Source "ChessBase"]
[SourceDate "2022.10.05"]
[SourceVersion "1"]
[SourceVersionDate "2022.10.05"]
[SourceQuality "1"]
[WhiteTeam "Dubnica nad Vahom"]
[BlackTeam "Prakovce"]
[WhiteTeamCountry "SVK"]
[BlackTeamCountry "SVK"]

1. d4 d5 2. c4 e6 3. Nf3 Nf6 4. Nc3 h6 5. g3 Nbd7 6. Bg2 Be7 7. 0-0 0-0 8. Ne5 c6 9. e4 Nxe4 10. Nxe4 dxe4 11. Bxe4 f5 12. Bg2 Nxe5 13. dxe5 1/2-1/2

[Event "CZE-chT 2122"]
[Site "Czech Republic"]
[Date "2022.04.09"]
[Round "14.6"]
[White "Cernousek, Lukas"]
[Black "Heberla, Bartlomiej"]
[Result "0-1"]
[WhiteElo "2459"]
[BlackElo "2558"]
[PlyCount "68"]
[EventDate "2021.10.15"]
[EventType "team-tourn"]
[EventRounds "15"]
[EventCountry "CZE"]
[SourceTitle "EXT 2023"]
[Source "ChessBase"]
[SourceDate "2022.10.05"]
[SourceVersion "1"]
[SourceVersionDate "2022.10.05"]
[SourceQuality "1"]
[WhiteTeam "Unichess"]
[BlackTeam "Brno Moravska Slavia"]
[WhiteTeamCountry "CZE"]
[BlackTeamCountry "CZE"]

1. e4 e5 2. Nf3 Nc6 3. Bb5 a6 4. Ba4 d6 5. c4 Bd7 6. Nc3 g6 7. d4 exd4 8. Nxd4 Bg7 9. Nxc6 Bxc6 10. Bxc6+ bxc6 11. Qa4 Ne7 12. 0-0 0-0 13. c5 Qb8 14. Rd1 Re8 15. cxd6 cxd6 16. Qc2 Qb4 17. Bd2 Qc4 18. Rac1 Qe6 19. Qa4 Reb8 20. b3 a5 21. f3 d5 22. exd5 cxd5 23. Re1 Qb6+ 24. Be3 d4 25. Bf2 Qb4 26. Qxb4 axb4 27. Na4 Nd5 28. Rc4 Rc8 29. Rec1 Nc3 30. Rxc8+ Rxc8 31. Re1 d3 32. Be3 Nd5 33. Nb6 Nxb6 34. Bxb6 d2 0-1

[Event "CZE-chT 2122"]
[Site "Czech Republic"]
[Date "2022.04.08"]
[Round "13.6"]
[White "Carlsson, Pontus"]
[Black "Cernousek, Lukas"]
[Result "1/2-1/2"]
[WhiteElo "2457"]
[BlackElo "2459"]
[PlyCount "57"]
[EventDate "2021.10.15"]
[EventType "team-tourn"]
[EventRounds "15"]
[EventCountry "CZE"]
[SourceTitle "EXT 2023"]
[Source "ChessBase"]
[SourceDate "2022.10.05"]
[SourceVersion "1"]
[SourceVersionDate "2022.10.05"]
[SourceQuality "1"]
[WhiteTeam "Praha Dopravni Podnik"]
[BlackTeam "Unichess"]
[WhiteTeamCountry "CZE"]
[BlackTeamCountry "CZE"]

1. e4 c5 2. Nf3 d6 3. d4 Nf6 4. Nc3 cxd4 5. Nxd4 a6 6. Bg5 e6 7. f4 Qb6 8. Qd2 Qxb2 9. Rb1 Qa3 10. Be2 Nbd7 11. 0-0 Be7 12. f5 e5 13. Ne6 fxe6 14. fxe6 Nf8 15. Bxf6 gxf6 16. Bh5+ Ng6 17. Nd5 Qc5+ 18. Kh1 Bxe6 19. Nxe7 Kxe7 20. Qh6 Rag8 21. Rxb7+ Kd8 22. Rxf6 Qd4 23. h3 Qxe4 24. Bf3 Qe1+ 25. Kh2 Nh4 26. Rb8+ Kc7 27. Rb7+ Kd8 28. Rb8+ Kc7 29. Rb7+ 1/2-1/2

[Event "SVK-chT 2122"]
[Site "Slovakia"]
[Date "2022.02.19"]
[Round "3.2"]
[White "Antal, Gergely"]
[Black "Cernousek, Lukas"]
[Result "1-0"]
[WhiteElo "2557"]
[BlackElo "2459"]
[PlyCount "107"]
[EventDate "2021.10.23"]
[EventType "team-tourn"]
[EventRounds "11"]
[EventCountry "SVK"]
[SourceTitle "EXT 2023"]
[Source "ChessBase"]
[SourceDate "2022.10.05"]
[SourceVersion "1"]
[SourceVersionDate "2022.10.05"]
[SourceQuality "1"]
[WhiteTeam "Bratislava Slovan"]
[BlackTeam "Dubnica nad Vahom"]
[WhiteTeamCountry "SVK"]
[BlackTeamCountry "SVK"]

1. e4 e5 2. Nc3 Nf6 3. g3 d5 4. exd5 Nxd5 5. Bg2 Nxc3 6. bxc3 Bc5 7. Nf3 Nc6 8. 0-0 0-0 9. Re1 Qf6 10. d3 Bb6 11. Rb1 Rb8 12. Qe2 Be6 13. a4 Ba2 14. Rb2 Bd5 15. Rb5 Bxf3 16. Qxf3 Qxf3 17. Bxf3 a6 18. Rb3 Rfe8 19. Bxc6 bxc6 20. Re4 f5 21. Rc4 e4 22. d4 Re6 23. a5 Ba7 24. Rxb8+ Bxb8 25. Rb4 Re8 26. Rb7 Kf7 27. c4 c5 28. d5 Ke7 29. Be3 Kd6 30. Kg2 g6 31. h4 h5 32. Kf1 Rg8 33. Ke1 Rh8 34. Ke2 Re8 35. Kf1 Rg8 36. f3 Re8 37. fxe4 fxe4 38. Ke2 Rg8 39. Rb1 Rf8 40. Bh6 Rh8 41. Be3 Rf8 42. Rf1 Rf5 43. c3 Kd7 44. Rb1 Kc8 45. Bf4 Rf8 46. Ke3 Re8 47. g4 hxg4 48. Rg1 c6 49. Bxb8 Kxb8 50. Rxg4 Re5 51. Rg5 Re7 52. Rxg6 cxd5 53. cxd5 c4 54. Re6 1-0

[Event "CZE-chT1W 2122"]
[Site "Czech Republic"]
[Date "2022.01.23"]
[Round "7.2"]
[White "Vlasak, Lukas"]
[Black "Cernousek, Lukas"]
[Result "1/2-1/2"]
[WhiteElo "2438"]
[BlackElo "2459"]
[PlyCount "45"]
[EventDate "2021.10.10"]
[EventType "team-tourn"]
[EventRounds "11"]
[EventCountry "CZE"]
[SourceTitle "EXT 2023"]
[Source "ChessBase"]
[SourceDate "2022.10.05"]
[SourceVersion "1"]
[SourceVersionDate "2022.10.05"]
[SourceQuality "1"]
[WhiteTeam "Ricany Betsys"]
[BlackTeam "Unichess"]
[WhiteTeamCountry "CZE"]
[BlackTeamCountry "CZE"]

1. c4 c5 2. Nc3 g6 3. g3 Bg7 4. Bg2 Nc6 5. e4 d6 6. Nge2 e6 7. 0-0 Nge7 8. d3 0-0 9. Rb1 a6 10. a3 Nd4 11. b4 Nxe2+ 12. Nxe2 Nc6 13. Be3 Nd4 14. Nxd4 Bxd4 15. Bxd4 cxd4 16. f4 e5 17. Rf2 f6 18. Rc1 a5 19. b5 b6 20. Qf1 Ra7 21. Bh3 Raf7 22. Bxc8 Qxc8 23. f5 1/2-1/2

[Event "CZE-chT1W 2122"]
[Site "Czech Republic"]
[Date "2022.01.09"]
[Round "6.5"]
[White "Cernousek, Lukas"]
[Black "Plischki, Sebastian"]
[Result "1/2-1/2"]
[WhiteElo "2459"]
[BlackElo "2368"]
[PlyCount "51"]
[EventDate "2021.10.10"]
[EventType "team-tourn"]
[EventRounds "11"]
[EventCountry "CZE"]
[SourceTitle "EXT 2023"]
[Source "ChessBase"]
[SourceDate "2022.10.05"]
[SourceVersion "1"]
[SourceVersionDate "2022.10.05"]
[SourceQuality "1"]
[WhiteTeam "Unichess"]
[BlackTeam "Praha DP EA Hotels"]
[WhiteTeamCountry "CZE"]
[BlackTeamCountry "CZE"]

1. d4 Nf6 2. c4 g6 3. Nc3 d5 4. Nf3 Bg7 5. h4 c6 6. cxd5 cxd5 7. Bf4 Nc6 8. e3 0-0 9. Qb3 Na5 10. Qa3 Bf5 11. Be2 Ne4 12. Nxe4 Bxe4 13. b3 Nc6 14. Rc1 Qb6 15. 0-0 Bxf3 16. Bxf3 e6 17. h5 Rfc8 18. hxg6 hxg6 19. Bd6 Qd8 20. Be2 Bf8 21. Bc5 Bxc5 22. Rxc5 a6 23. Rfc1 Ne7 24. Qb4 Rxc5 25. Rxc5 b6 26. Rc3 1/2-1/2

[Event "CZE-chT 2122"]
[Site "Czech Republic"]
[Date "2021.11.07"]
[Round "4.4"]
[White "Jakubowski, Krzysztof"]
[Black "Cernousek, Lukas"]
[Result "0-1"]
[WhiteElo "2459"]
[BlackElo "2459"]
[PlyCount "96"]
[EventDate "2021.10.15"]
[EventType "team-tourn"]
[EventRounds "15"]
[EventCountry "CZE"]
[SourceTitle "EXT 2023"]
[Source "ChessBase"]
[SourceDate "2022.10.05"]
[SourceVersion "1"]
[SourceVersionDate "2022.10.05"]
[SourceQuality "1"]
[WhiteTeam "Poruba Slavoj"]
[BlackTeam "Unichess"]
[WhiteTeamCountry "CZE"]
[BlackTeamCountry "CZE"]

1. e4 e6 2. d4 d5 3. Nc3 Nf6 4. e5 Nfd7 5. Nce2 c5 6. c3 Nc6 7. f4 b5 8. a3 Be7 9. Nf3 0-0 10. h4 f6 11. g3 Qb6 12. Bh3 Kh8 13. exf6 Nxf6 14. Be3 Ne4 15. Ng5 cxd4 16. Nxd4 e5 17. Nxh7 Nxd4 18. Nxf8 Nc2+ 19. Qxc2 Qxe3+ 20. Qe2 Qxg3+ 21. Kd1 Bxf8 22. Bxc8 Rxc8 23. Rf1 Nxc3+ 24. bxc3 Qxc3 25. Qxe5 Qd3+ 26. Ke1 Rc4 27. Qh5+ Kg8 28. Qf3 Re4+ 29. Kf2 Bc5+ 30. Kg2 Re2+ 31. Kh1 Re3 32. Qg4 Rg3 33. Qe6+ Kh7 34. Kh2 Rg6 35. Qh3 Qe2+ 36. Kh1 Bf2 37. Rxf2 Qxf2 38. Rf1 Qg3 39. Qxg3 Rxg3 40. Rb1 a6 41. a4 bxa4 42. Rb4 a3 43. Kh2 Rc3 44. Ra4 Rc2+ 45. Kg3 Ra2 46. Kg4 Ra1 47. f5 a2 48. Kh5 d4 0-1

[Event "CZE-chT 2122"]
[Site "Czech Republic"]
[Date "2021.11.06"]
[Round "3.4"]
[White "Cernousek, Lukas"]
[Black "Pakleza, Zbigniew"]
[Result "1-0"]
[WhiteElo "2459"]
[BlackElo "2501"]
[PlyCount "89"]
[EventDate "2021.10.15"]
[EventType "team-tourn"]
[EventRounds "15"]
[EventCountry "CZE"]
[SourceTitle "EXT 2023"]
[Source "ChessBase"]
[SourceDate "2022.10.05"]
[SourceVersion "1"]
[SourceVersionDate "2022.10.05"]
[SourceQuality "1"]
[WhiteTeam "Unichess"]
[BlackTeam "Ostrava Labortech"]
[WhiteTeamCountry "CZE"]
[BlackTeamCountry "CZE"]

1. c4 c6 2. Nc3 d5 3. e3 Nf6 4. Nf3 Bg4 5. Qb3 Qb6 6. Ne5 Be6 7. d4 Nbd7 8. Bd2 dxc4 9. Bxc4 Qxb3 10. axb3 Bxc4 11. Nxc4 e6 12. f3 a6 13. e4 Be7 14. Ke2 0-0 15. Na5 c5 16. dxc5 Nxc5 17. b4 Ncd7 18. b5 Rfb8 19. Rhc1 Bb4 20. Nc4 Rc8 21. Nb1 Be7 22. b4 Ne8 23. bxa6 bxa6 24. Nba3 Kf8 25. Na5 f5 26. exf5 exf5 27. Nc6 Bf6 28. Ra2 Nc7 29. Rac2 Ne6 30. b5 Rc7 31. Kf1 Kf7 32. Ba5 axb5 33. Bxc7 Rxa3 34. Rd1 Ra1 35. Rxa1 Bxa1 36. Bd6 Nb6 37. Ra2 Bf6 38. Ra7+ Kg6 39. Rb7 Nc4 40. Bb4 Nd4 41. Nxd4 Bxd4 42. Ke2 Bg1 43. h3 Bd4 44. Rxb5 Bf6 45. f4 1-0

[Event "CZE-chT 2122"]
[Site "Czech Republic"]
[Date "2021.10.17"]
[Round "2.1"]
[White "Lewtak, Damian"]
[Black "Cernousek, Lukas"]
[Result "1/2-1/2"]
[WhiteElo "2379"]
[BlackElo "2459"]
[PlyCount "69"]
[EventDate "2021.10.15"]
[EventType "team-tourn"]
[EventRounds "15"]
[EventCountry "CZE"]
[SourceTitle "CBM 204 Extra"]
[Source "ChessBase"]
[SourceDate "2021.11.30"]
[SourceVersion "1"]
[SourceVersionDate "2021.11.30"]
[SourceQuality "1"]
[WhiteTeam "Frydek Mistek II"]
[BlackTeam "Unichess"]
[WhiteTeamCountry "CZE"]
[BlackTeamCountry "CZE"]

1. d4 d5 2. c3 c5 3. Nf3 Nf6 4. e3 Nbd7 5. Nbd2 g6 6. Bd3 Bg7 7. 0-0 0-0 8. Re1 b6 9. a4 Bb7 10. a5 Qc7 11. a6 Bc6 12. e4 dxe4 13. Nxe4 Nxe4 14. Bxe4 Bxe4 15. Rxe4 cxd4 16. cxd4 Nf6 17. Bf4 Qd7 18. Re1 Nd5 19. Be5 Bh6 20. Qb3 Rac8 21. Bg3 f6 22. Re2 e6 23. Rae1 Rc1 24. Rxc1 Bxc1 25. Rc2 Rc8 26. Ne1 Bf4 27. Nd3 Bxg3 28. hxg3 Rxc2 29. Qxc2 Kf7 30. g4 Ke7 31. Qd2 Nc7 32. Qh6 Ke8 33. g5 Qxd4 34. Qxh7 Qxd3 35. Qxc7 1/2-1/2